[Event "Staatsliga B/Mitte"]
[Site "Salzburg"]
[Date "1998.11.28"]
[Round "2.5"]
[White "Gottsmann, Herbert"]
[Black "Knechtel, Roland"]
[Result "1-0"]
[WhiteElo "2145"]
[BlackElo "2150"]
[PlyCount "94"]
[EventDate "1998.11.27"]

1. e4 c5 2. d3 Nc6 3. g3 g6 4. Bg2 Bg7 5. f4 e6 6. Nf3 Nge7 7. O-O b5 8. a3 a5
9. c3 Ba6 10. Be3 c4 11. dxc4 bxc4 12. Nbd2 Rb8 13. Rb1 d5 14. e5 O-O 15. Re1
Rb7 16. Bf1 Qd7 17. b3 Rd8 18. bxc4 dxc4 19. Nxc4 Rxb1 20. Qxb1 Nd5 21. Nb6
Nxb6 22. Bxb6 Bxf1 23. Bxd8 Bd3 24. Rd1 Qa7+ 25. Bb6 Bxb1 26. Bxa7 Be4 27. Nd2
Bc2 28. Rc1 Bd3 29. Bc5 g5 30. Kf2 Bh6 31. Rg1 Kg7 32. Ke3 Bc2 33. Nf3 gxf4+
34. gxf4+ Bg6 35. Rd1 a4 36. Rd7 Bc2 37. Rc7 Na5 38. Nd2 Nb3 39. Nxb3 axb3 40.
Rb7 Kg6 41. a4 Kf5 42. Rxf7+ Kg4 43. Ba3 Bf5 44. a5 Bxf4+ 45. Kd4 Bxh2 46. Rg7+
Kf3 47. a6 Bg6 1-0

[Event "Staatsliga B/Mitte"]
[Site "Salzburg"]
[Date "1998.11.28"]
[Round "2.6"]
[White "Hackbarth, Christa"]
[Black "Donegani, Peter"]
[Result "1-0"]
[WhiteElo "2005"]
[BlackElo "2115"]
[PlyCount "63"]
[EventDate "1998.11.27"]

1. d4 Nf6 2. Nf3 g6 3. Bf4 Bg7 4. e3 O-O 5. Be2 d6 6. h3 c5 7. c3 Nc6 8. O-O
Qb6 9. Qb3 Be6 10. Qxb6 axb6 11. Nbd2 Bxa2 12. Nc4 Nd7 13. Bg5 Rfe8 14. Nfd2 h6
15. Bh4 Bxc4 16. Bxc4 e5 17. Ne4 Bf8 18. d5 g5 19. Bg3 Rxa1 20. Rxa1 Ncb8 21.
Ra7 f5 22. Nd2 f4 23. Bh2 Nf6 24. Rxb7 Nbd7 25. Bb5 Rd8 26. e4 h5 27. f3 g4 28.
hxg4 hxg4 29. Kf1 g3 30. Bg1 Ra8 31. Ke2 Ra1 32. Nf1 {
Rest unleserlich 1-0 nach 47 Zuegen} 1-0

[Event "Staatsliga B/Mitte"]
[Site "Salzburg"]
[Date "1998.11.28"]
[Round "2.2"]
[White "Opl, Klaus"]
[Black "Juergens, Klaus"]
[Result "1-0"]
[WhiteElo "2330"]
[BlackElo "2235"]
[PlyCount "59"]
[EventDate "1998.11.27"]

1. e4 c5 2. Nf3 Nc6 3. d4 cxd4 4. Nxd4 Nf6 5. Nc3 d6 6. Be3 e6 7. Be2 Be7 8.
O-O O-O 9. f4 e5 10. fxe5 dxe5 11. Nf5 Bxf5 12. Rxf5 g6 13. Rf2 Kg7 14. Qf1 Qc8
15. h3 h6 16. Kh2 Nd4 17. Bc4 a6 18. Nd5 Nxd5 19. Bxd5 f6 20. c3 Ne6 21. Rd1
Ng5 22. Rfd2 f5 23. exf5 gxf5 24. Qe2 Re8 25. Bxg5 Bxg5 26. Bxb7 Qxb7 27. Rd7+
Qxd7 28. Rxd7+ Kf6 29. Qc4 Re6 30. Rh7 1-0

[Event "Staatsliga B/Mitte"]
[Site "Salzburg"]
[Date "1998.11.28"]
[Round "2.3"]
[White "Vlasak, Reinhard"]
[Black "Eichler, Christoph"]
[Result "1-0"]
[WhiteElo "2210"]
[BlackElo "2255"]
[PlyCount "41"]
[EventDate "1998.11.27"]

1. e4 g6 2. d4 Bg7 3. Nc3 c6 4. Be3 d5 5. Qd2 h5 6. O-O-O Nh6 7. Nf3 dxe4 8.
Nxe4 Qd5 9. Nc3 Qa5 10. Bc4 Bg4 11. Rhe1 Bxf3 12. gxf3 Nf5 13. Kb1 O-O 14. Rg1
Kh7 15. Qd3 Na6 16. Ne4 Nb4 17. Ng5+ Kh8 18. Qd2 Nd6 19. Bb3 Qb6 20. c4 Qa5 21.
c5 1-0

[Event "Staatsliga B/Mitte"]
[Site "Salzburg"]
[Date "1998.11.28"]
[Round "2.4"]
[White "Peterwagner, Heinz"]
[Black "Wuppinger, Manfred"]
[Result "1/2-1/2"]
[WhiteElo "2215"]
[BlackElo "2185"]
[PlyCount "29"]
[EventDate "1998.11.27"]

1. e4 Nf6 2. Nc3 d5 3. exd5 Nxd5 4. Bc4 Nb6 5. Bb3 Nc6 6. Nf3 f6 7. d4 Bg4 8.
Be3 Na5 9. h3 Nxb3 10. axb3 Bh5 11. Ra5 Bf7 12. O-O e6 13. Qe2 c6 14. Raa1 Be7
15. Ne4 1/2-1/2

[Event "Staatsliga B/Mitte"]
[Site "Salzburg"]
[Date "1998.11.28"]
[Round "2.5"]
[White "Brestan, Peter"]
[Black "Hamberger, Hermann"]
[Result "1/2-1/2"]
[WhiteElo "2021"]
[BlackElo "2170"]
[PlyCount "22"]

1. d4 Nf6 2. c4 c5 3. d5 b5 4. Nf3 bxc4 5. Nc3 d6 6. e4 Nbd7 7. Bxc4 g6 8. O-O
Bg7 9. Nd2 O-O 10. f4 Nb6 11. Be2 e6 1/2-1/2

[Event "Staatsliga B/Mitte"]
[Site "Traun"]
[Date "1998.11.28"]
[Round "2.1"]
[White "Orsag, Milan"]
[Black "Portisch, Ferenc"]
[Result "1-0"]
[WhiteElo "2405"]
[BlackElo "2375"]
[PlyCount "63"]
[EventDate "1998.11.27"]

1. d4 Nf6 2. Nf3 g6 3. c4 Bg7 4. Nc3 O-O 5. Bg5 c6 6. e3 d5 7. h3 Ne4 8. Bf4
Qa5 9. Qb3 Nd7 10. cxd5 Nxc3 11. Qxc3 Qxc3+ 12. bxc3 cxd5 13. c4 Nb6 14. c5 Nd7
15. Rc1 Nb8 16. Bb5 Nc6 17. O-O Bd7 18. Rb1 Rfc8 19. Rfc1 Be8 20. g4 h6 21. Kg2
Kf8 22. h4 Nd8 23. Bd3 f6 24. g5 hxg5 25. hxg5 Kf7 26. Nh4 f5 27. Nf3 Bc6 28.
Rh1 Ne6 29. Bg3 Kg8 30. Bb5 f4 31. Bxf4 Nxf4+ 32. exf4 {Rest unleserlich!!!}
1-0

[Event "Staatsliga B/Mitte"]
[Site "Traun"]
[Date "1998.11.28"]
[Round "2.2"]
[White "Wirius, Stefan"]
[Black "Schmidt, Peter"]
[Result "0-1"]
[WhiteElo "2285"]
[BlackElo "2340"]
[PlyCount "120"]
[EventDate "1998.11.27"]

1. d4 d5 2. Nf3 Nf6 3. c4 c6 4. cxd5 cxd5 5. Nc3 Nc6 6. Bf4 Bf5 7. e3 e6 8. Bd3
Bxd3 9. Qxd3 Be7 10. O-O O-O 11. Ne5 Nxe5 12. Bxe5 Nd7 13. Bg3 a6 14. Rfc1 Rc8
15. Rc2 Qa5 16. f3 Rc4 17. Rac1 Rfc8 18. b3 R4c6 19. Na4 h6 20. Rxc6 Rxc6 21.
Rxc6 bxc6 22. Kf1 Bb4 23. Qc2 Qb5+ 24. Qe2 Qb7 25. Qc2 Be7 26. Ke2 g6 27. Qd3
h5 28. h3 Kg7 29. Kd1 a5 30. Ke2 Bf6 31. Qc3 Qb5+ 32. Qd3 Qb4 33. Qd2 Qa3 34.
Bc7 e5 35. Bxa5 Qe7 36. Bb4 Qd8 37. Nc5 exd4 38. exd4 Nf8 39. a4 Qb8 40. Bc3
Qg3 41. Kd1 Ne6 42. Nxe6+ fxe6 43. Kc2 Kf7 44. b4 Ke7 45. Kb3 Kd7 46. a5 Qh2
47. a6 Kc7 48. Qe2 Qg1 49. Qd3 Kb6 50. b5 cxb5 51. Qxg6 Qd1+ 52. Qc2 Qf1 53.
Bb2 Qc4+ 54. Qxc4 dxc4+ 55. Kc3 h4 56. Ba3 Kxa6 57. Bb4 Kb6 58. Bd6 Kc6 59. Bf4
Kd5 60. Be3 Bxd4+ 0-1

[Event "Staatsliga B/Mitte"]
[Site "Traun"]
[Date "1998.11.28"]
[Round "2.3"]
[White "Kaiser, Wolfgang"]
[Black "Tkaczuk, Rainer"]
[Result "1/2-1/2"]
[WhiteElo "2395"]
[BlackElo "2260"]
[PlyCount "52"]
[EventDate "1998.11.27"]

1. Nf3 c5 2. g3 b6 3. Bg2 Bb7 4. c4 Nf6 5. O-O e6 6. Nc3 d6 7. b3 Nbd7 8. Bb2
Be7 9. Rc1 a6 10. d4 cxd4 11. Nxd4 Bxg2 12. Kxg2 Qc7 13. e3 O-O 14. Qe2 Rfe8
15. Rfd1 Rac8 16. Kg1 Bf8 17. Qf3 Ne5 18. Qg2 h5 19. h3 g6 20. Kh1 Bg7 21. Ndb5
axb5 22. Nxb5 Qc6 23. Nxd6 Nf3 24. Bxf6 Bxf6 25. Nxe8 Rxe8 26. b4 g5 1/2-1/2

[Event "Staatsliga B/Mitte"]
[Site "Traun"]
[Date "1998.11.28"]
[Round "2.4"]
[White "Karner, Christoph"]
[Black "Schlingensiepen, Christian"]
[Result "1/2-1/2"]
[WhiteElo "2175"]
[BlackElo "2340"]
[PlyCount "37"]
[EventDate "1998.11.27"]

1. d4 Nf6 2. c4 e6 3. Nc3 Bb4 4. e3 c5 5. Nf3 Nc6 6. a3 Bxc3+ 7. bxc3 d6 8. Bd3
e5 9. Qc2 Bg4 10. Nd2 exd4 11. cxd4 cxd4 12. e4 O-O 13. O-O Rc8 14. Rb1 Qe7 15.
f4 Na5 16. Rb5 Nc6 17. h3 a6 18. Rb1 Be6 19. f5 1/2-1/2

[Event "Staatsliga B/Mitte"]
[Site "Traun"]
[Date "1998.11.28"]
[Round "2.1"]
[White "Haba, Petr"]
[Black "Weiss, Christian"]
[Result "0-1"]
[WhiteElo "2515"]
[BlackElo "2370"]
[PlyCount "80"]
[EventDate "1998.11.27"]

1. d4 Nf6 2. c4 c5 3. d5 b5 4. cxb5 a6 5. bxa6 g6 6. Nc3 Bxa6 7. e4 Bxf1 8.
Kxf1 d6 9. Nf3 Bg7 10. h3 O-O 11. Kg1 Nfd7 12. Kh2 Qb6 13. Re1 Na6 14. Re2 Rfc8
15. Bf4 Nb4 16. Qd2 Qa6 17. e5 Nb6 18. Re4 Qd3 19. Qe1 Qc2 20. exd6 Nd3 21. Qf1
Nxf4 22. Rxf4 Qxb2 23. Rb1 Qxc3 24. Rxb6 exd6 25. Rc4 Qa5 26. Qb1 Bf8 27. a4
Re8 28. Rb5 Qd8 29. Qa2 Qd7 30. Qc2 Ra6 31. Kg1 Rea8 32. Nd2 Qf5 33. Qxf5 gxf5
34. Rb7 Rxa4 35. Rxa4 Rxa4 36. Nf3 Ra1+ 37. Kh2 Rd1 38. Ng5 Rxd5 39. Nxf7 c4
40. Ng5 c3 0-1

[Event "Staatsliga B/Mitte"]
[Site "Traun"]
[Date "1998.11.28"]
[Round "2.2"]
[White "Neckar, Lubomir"]
[Black "Sandor, Christian"]
[Result "0-1"]
[WhiteElo "2345"]
[BlackElo "2350"]
[PlyCount "80"]
[EventDate "1998.11.27"]

1. Nf3 c5 2. g3 g6 3. Bg2 Bg7 4. O-O Nc6 5. c4 d6 6. Nc3 Nf6 7. d4 cxd4 8. Nxd4
Bd7 9. Nc2 O-O 10. b3 Qa5 11. Bd2 Rfc8 12. e4 Qd8 13. Rc1 a6 14. Ne3 b5 15. Qe2
Rab8 16. Rfd1 Ne5 17. cxb5 axb5 18. Ncd5 Nxd5 19. Nxd5 e6 20. Nb4 Qb6 21. h3
Bf8 22. Kh2 Ra8 23. f4 Nc6 24. Be3 Qa5 25. Nxc6 Rxc6 26. Rxc6 Bxc6 27. Rd2 Bb7
28. Rc2 Rd8 29. Bd4 Qa8 30. Qe3 Bh6 31. Bf6 Rc8 32. Rxc8+ Bxc8 33. Qb6 Bb7 34.
Qxb5 Bxe4 35. Bxe4 Qxe4 36. Qe8+ Bf8 37. Be7 Qc2+ 38. Kg1 Qb1+ 39. Kg2 Qxa2+
40. Kg1 Qa7+ 0-1

[Event "Staatsliga B/Mitte"]
[Site "Traun"]
[Date "1998.11.28"]
[Round "2.3"]
[White "Mayr, Klaus"]
[Black "Kranzl, Peter"]
[Result "1/2-1/2"]
[WhiteElo "2310"]
[BlackElo "2280"]
[PlyCount "26"]
[EventDate "1998.11.27"]

1. e4 c6 2. d4 d5 3. exd5 cxd5 4. Bd3 Nc6 5. c3 Nf6 6. Bf4 Bg4 7. Qb3 Qc8 8.
Nd2 Bh5 9. Ngf3 Bg6 10. Bxg6 hxg6 11. O-O e6 12. Rfe1 Be7 13. Ne5 O-O 1/2-1/2

[Event "Staatsliga B/Mitte"]
[Site "Traun"]
[Date "1998.11.28"]
[Round "2.5"]
[White "Hainzinger, Johann"]
[Black "Hager, Herbert"]
[Result "0-1"]
[WhiteElo "2065"]
[BlackElo "2205"]
[PlyCount "64"]
[EventDate "1998.11.27"]

1. Nc3 d5 2. e4 d4 3. Nce2 g6 4. Ng3 Bg7 5. Bc4 Nc6 6. f4 Nf6 7. Nf3 O-O 8. O-O
Na5 9. d3 c6 10. a3 Nxc4 11. dxc4 Be6 12. Qd3 c5 13. Bd2 Qc7 14. Ng5 b5 15.
Nxe6 fxe6 16. cxb5 c4 17. Qf3 Qb6 18. a4 a6 19. f5 axb5 20. fxg6 bxa4 21. gxh7+
Nxh7 22. Qg4 d3+ 23. Kh1 Qxb2 24. Bh6 Kh8 25. Bxg7+ Qxg7 26. Qxe6 dxc2 27. Nf5
Qf7 28. Qe5+ Qf6 29. Qb5 Qc3 30. Rfc1 Rfd8 31. Nxe7 Qxa1 32. Ng6+ Kg7 0-1

[Event "Staatsliga B/Mitte"]
[Site "Traun"]
[Date "1998.11.28"]
[Round "2.1"]
[White "Rotstein, Arkadij"]
[Black "Beim, Valery"]
[Result "1/2-1/2"]
[WhiteElo "2515"]
[BlackElo "2565"]
[PlyCount "21"]
[EventDate "1998.11.27"]

1. d4 d5 2. Nf3 c6 3. c4 Nf6 4. Nc3 a6 5. cxd5 cxd5 6. Bf4 Nc6 7. e3 Bg4 8. Be2
e6 9. h3 Bxf3 10. Bxf3 Bd6 11. Bxd6 1/2-1/2

[Event "Staatsliga B/Mitte"]
[Site "Traun"]
[Date "1998.11.28"]
[Round "2.2"]
[White "Hellmayr, Alois"]
[Black "Weber, Gerold"]
[Result "1/2-1/2"]
[WhiteElo "2240"]
[BlackElo "2395"]
[PlyCount "158"]
[EventDate "1998.11.27"]

1. Nf3 g6 2. g3 Bg7 3. c4 Nf6 4. Nc3 O-O 5. Bg2 d6 6. O-O e5 7. d3 Re8 8. Bd2
Nc6 9. Qc1 a6 10. Bg5 Rb8 11. Nd5 Bg4 12. Re1 Bxf3 13. Bxf3 Nd4 14. Bg2 c6 15.
Nc3 Ne6 16. Bd2 d5 17. cxd5 cxd5 18. Bg5 Nxg5 19. Qxg5 h6 20. Qd2 b5 21. Rac1
Qd7 22. b4 Bf8 23. a3 Kh7 24. Rc2 a5 25. Na2 axb4 26. Nxb4 Ra8 27. Rec1 Rxa3
28. Rc7 Qe6 29. R7c6 Bd6 30. Na6 Qe7 31. Nc7 Rb8 32. Nxd5 Nxd5 33. Bxd5 Kg7 34.
Qb2 b4 35. Bb3 Ra5 36. Ra1 Rc5 37. Rc1 Rb7 38. R1xc5 Bxc5 39. Qc2 Bd4 40. Qc4
Qd7 41. Kg2 h5 42. e3 Bc3 43. h3 Be1 44. Kf1 Bc3 45. Kg2 Qf5 46. g4 hxg4 47.
hxg4 Qg5 48. Rc8 Re7 49. Kg3 Be1 50. Qe4 Qf6 51. Qg2 e4 52. dxe4 Rxe4 53. Qf3
Qxf3+ 54. Kxf3 Re7 55. Ke2 Bc3 56. g5 Rd7 57. Rb8 Rd2+ 58. Kf3 Rb2 59. Bc4 Be1
60. Rb7 Rxf2+ 61. Kg4 Bd2 62. e4 Rg2+ 63. Kf3 Rxg5 64. Rxf7+ Kh6 65. Rd7 Bc3
66. Bg8 Rb5 67. Kg4 Bg7 68. Rd5 Rb8 69. Bf7 Rb7 70. Rd3 Bf6 71. Bb3 Ra7 72. Rd6
Kg7 73. Rb6 Bc3 74. e5 Re7 75. Bc2 Rxe5 76. Rxg6+ Kf7 77. Rb6 Bd2 78. Kf3 Ke7
79. Be4 Kd7 1/2-1/2

[Event "Staatsliga B/Mitte"]
[Site "Traun"]
[Date "1998.11.28"]
[Round "2.3"]
[White "Druckenthaner, Andreas"]
[Black "Wukits, Rene"]
[Result "1/2-1/2"]
[WhiteElo "2305"]
[BlackElo "2230"]
[PlyCount "42"]

1. d4 Nf6 2. c4 g6 3. Nc3 Bg7 4. e4 d6 5. Be2 O-O 6. Nf3 c5 7. O-O Nc6 8. d5
Na5 9. Rb1 Bg4 10. b3 e6 11. h3 Bxf3 12. Bxf3 exd5 13. exd5 a6 14. Bg5 h6 15.
Bh4 g5 16. Bg3 Ne8 17. Qd3 f5 18. Bd1 Qf6 19. Ne2 f4 20. Bc2 Rf7 21. Bh2 Nc7
1/2-1/2

[Event "Staatsliga B/Mitte"]
[Site "Traun"]
[Date "1998.11.28"]
[Round "2.4"]
[White "Steiner, Guenther"]
[Black "Kreindl, Helmut"]
[Result "1/2-1/2"]
[WhiteElo "2240"]
[BlackElo "2270"]
[PlyCount "43"]
[EventDate "1998.11.27"]

1. d4 d5 2. Bg5 h6 3. Bh4 c6 4. Nf3 Qb6 5. Qc1 Bf5 6. c4 Nd7 7. Nc3 Ngf6 8. e3
e6 9. Be2 Be7 10. O-O O-O 11. h3 Rfe8 12. Bg3 Rac8 13. c5 Qd8 14. b4 Ne4 15.
Nxe4 Bxe4 16. Nd2 Bh7 17. Qa3 Bf6 18. f4 a6 19. Bd3 Nf8 20. Rab1 Ng6 21. Nf3
Ne7 22. Bxh7+ 1/2-1/2

[Event "Staatsliga B/Mitte"]
[Site "Traun"]
[Date "1998.11.28"]
[Round "2.5"]
[White "Froeschl, Felix"]
[Black "Doppelhammer, Herbert"]
[Result "1/2-1/2"]
[WhiteElo "2240"]
[BlackElo "2130"]
[PlyCount "37"]
[EventDate "1998.11.27"]

1. d4 d5 2. c4 e6 3. Nc3 Nf6 4. Bg5 Be7 5. e3 O-O 6. Nf3 Nbd7 7. Qc2 c6 8. cxd5
exd5 9. Bd3 Re8 10. O-O-O Nf8 11. Kb1 Be6 12. Ne5 Ng4 13. Bf4 Nxe5 14. dxe5 Qa5
15. h3 c5 16. e4 d4 17. Nd5 b5 18. Be2 Rac8 19. Bd2 1/2-1/2

[Event "Staatsliga B/Mitte"]
[Site "Traun"]
[Date "1998.11.28"]
[Round "2.2"]
[White "Wegener, Dirk"]
[Black "Heimberger, Reinhard"]
[Result "1-0"]
[WhiteElo "2305"]
[BlackElo "2280"]
[PlyCount "97"]
[EventDate "1998.11.27"]

1. e4 c5 2. Nf3 e6 3. d4 cxd4 4. Nxd4 Nf6 5. Nc3 d6 6. g4 a6 7. g5 Nfd7 8. h4
b5 9. Bg2 Bb7 10. Qg4 Nc6 11. Nxc6 Bxc6 12. h5 Qe7 13. O-O Ne5 14. Qg3 b4 15.
Ne2 Bb5 16. Re1 Nc6 17. b3 Bxe2 18. Rxe2 Nd4 19. Rd2 e5 20. a3 bxa3 21. Bxa3
Qc7 22. Bf1 Be7 23. Bc4 Qc8 24. Rad1 O-O 25. g6 Kh8 26. gxf7 Ra7 27. Bb2 Bh4
28. Qg2 Bf6 29. Bxd4 exd4 30. Rd3 Rc7 31. h6 g6 32. Qf3 Be5 33. Rxd4 Qd8 34.
Rxd6 Qg5+ 35. Qg2 Qxh6 36. Rd8 Rc8 37. Rxc8 Rxc8 38. Bxa6 Qh5 39. Re1 Rf8 40.
Bc4 Bc3 41. Rf1 Kg7 42. Qg3 Be5 43. f4 Bd4+ 44. Kg2 Rxf7 45. b4 Rc7 46. Rh1
Qxh1+ 47. Kxh1 Rxc4 48. Qd3 Rxb4 49. c3 1-0

[Event "Staatsliga B/Mitte"]
[Site "Traun"]
[Date "1998.11.28"]
[Round "2.3"]
[White "Trauner, Rudolf"]
[Black "Baumgartner, Heinz"]
[Result "1-0"]
[WhiteElo "2255"]
[BlackElo "2300"]
[PlyCount "97"]
[EventDate "1998.11.27"]

1. c4 e5 2. Nc3 Nf6 3. g3 c6 4. d4 exd4 5. Qxd4 d5 6. Nf3 Be7 7. cxd5 cxd5 8.
Bg2 Nc6 9. Qa4 O-O 10. O-O Qb6 11. Qb5 Qxb5 12. Nxb5 Bg4 13. Be3 a6 14. Nbd4
Rfc8 15. Rac1 Bd6 16. h3 Bd7 17. Rfd1 Na5 18. b3 Ba3 19. Rxc8+ Rxc8 20. Kh2 Ne4
21. Ne5 Be8 22. Nd3 Nc6 23. Nf4 Nc3 24. Ra1 Nb4 25. Bd2 Bb2 26. Bxc3 Bxc3 27.
Rd1 Nc6 28. Nf5 g6 29. Nxd5 gxf5 30. Nxc3 Nb4 31. Nd5 Nxd5 32. Rxd5 Rc2 33. Re5
Bb5 34. Bxb7 Bxe2 35. Rxf5 Kg7 36. Bd5 f6 37. a4 Rb2 38. Bc4 Bd1 39. Bxa6 Bxb3
40. Bb5 Ra2 41. Rf4 Bd5 42. g4 Ra1 43. Rd4 Bb3 44. Kg3 Bc2 45. Kf4 Bd1 46. h4
Bc2 47. Rc4 Bb3 48. Rc7+ Kh8 49. Kf5 1-0

[Event "Staatsliga B/Mitte"]
[Site "Traun"]
[Date "1998.11.28"]
[Round "2.5"]
[White "Dornauer, Joachim"]
[Black "Niedermayr, Horst"]
[Result "1/2-1/2"]
[WhiteElo "2160"]
[BlackElo "2225"]
[PlyCount "91"]
[EventDate "1998.11.27"]

1. d4 f5 2. Nf3 Nf6 3. c4 g6 4. g3 Bg7 5. Bg2 O-O 6. O-O d6 7. Nc3 Nc6 8. d5
Na5 9. Qa4 c5 10. dxc6 Nxc6 11. Rd1 Qa5 12. Qb3 Kh8 13. Bd2 Qb4 14. Qxb4 Nxb4
15. Nd4 Ng4 16. Ncb5 Na6 17. Rac1 Nc5 18. h3 Nxf2 19. Kxf2 a6 20. Nc7 Bxd4+ 21.
e3 Nd3+ 22. Ke2 Nxc1+ 23. Bxc1 Be5 24. Nxa8 Bxg3 25. Nb6 g5 26. b3 h5 27. Nxc8
Rxc8 28. Bxb7 Rf8 29. Rg1 h4 30. Rf1 e6 31. Bb2+ Kh7 32. Bc6 Rf7 33. b4 Rc7 34.
b5 axb5 35. cxb5 Ra7 36. Ra1 Ra4 37. Bd4 e5 38. Bc3 Rc4 39. Kd3 Rc5 40. Bb4 e4+
41. Kd2 Rc4 42. Bc3 Rxc3 43. Kxc3 Be5+ 44. Kd2 Bxa1 45. b6 d5 46. Ke2 1/2-1/2

[Event "Staatsliga B/Mitte"]
[Site "Traun"]
[Date "1998.11.28"]
[Round "2.6"]
[White "Marwan, David"]
[Black "Nussbaumer, Johann"]
[Result "1/2-1/2"]
[WhiteElo "2110"]
[BlackElo "2150"]
[PlyCount "81"]
[EventDate "1998.11.27"]

1. d4 d5 2. c4 c6 3. Nf3 e6 4. e3 f5 5. g3 Nf6 6. Bg2 Bd6 7. O-O O-O 8. b3 Qe7
9. a4 Nbd7 10. Ba3 Bxa3 11. Nxa3 Ne4 12. c5 e5 13. b4 f4 14. Nc2 fxg3 15. fxg3
Ng5 16. b5 e4 17. Nxg5 Qxg5 18. Rxf8+ Nxf8 19. Qd2 h5 20. Rf1 Ng6 21. Qf2 Be6
22. Nb4 Rf8 23. Qe1 Rxf1+ 24. Kxf1 Bd7 25. bxc6 bxc6 26. a5 Qd8 27. Nc2 Qb8 28.
Qb4 Qf8+ 29. Kg1 h4 30. Qe1 Qb8 31. gxh4 Qb3 32. Qd2 Bg4 33. Kf2 Nxh4 34. Ne1
Nxg2 35. Kxg2 Qb5 36. Kf2 Bh3 37. Kg3 Bc8 38. Kg2 a6 39. Kf2 Bg4 40. Ng2 Bh3
41. Kg3 1/2-1/2

[Event "Staatsliga B/Mitte"]
[Site "Salzburg"]
[Date "1998.11.29"]
[Round "3.2"]
[White "Juergens, Klaus"]
[Black "Riediger, Martin"]
[Result "1/2-1/2"]
[WhiteElo "2235"]
[BlackElo "2210"]
[PlyCount "95"]
[EventDate "1998.11.27"]

1. Nf3 d6 2. d4 g6 3. g3 Bg7 4. Bg2 Nf6 5. O-O O-O 6. c4 c6 7. Nc3 Qa5 8. e4
Bg4 9. h3 Bxf3 10. Bxf3 e5 11. d5 cxd5 12. cxd5 Nbd7 13. a3 Rfc8 14. b4 Qd8 15.
Qb3 h5 16. Be3 Qf8 17. Rfc1 Bh6 18. Nb5 Bxe3 19. Qxe3 a6 20. Nc7 Rab8 21. Rc4
Kh7 22. g4 hxg4 23. hxg4 Ne8 24. Rac1 Rxc7 25. Rxc7 Nxc7 26. Rxc7 Qd8 27. Qc1
g5 28. Be2 Kg6 29. Rc3 Nb6 30. Rh3 Nd7 31. Kg2 Nf6 32. Qh1 Qf8 33. Kg1 Qe7 34.
Qf3 Qd7 35. Rh1 Rc8 36. Rh2 Kg7 37. Qe3 Nh7 38. Qh3 Rh8 39. Qh6+ Kg8 40. Rh3
Qd8 41. Rf3 Qe7 42. a4 Qc7 43. Kg2 Nf8 44. Qxg5+ Ng6 45. a5 Kg7 46. Qf6+ Kg8
47. Qg5 Kg7 48. Qf6+ 1/2-1/2

[Event "Staatsliga B/Mitte"]
[Site "Salzburg"]
[Date "1998.11.29"]
[Round "3.3"]
[White "Bensch, Patrick"]
[Black "Vlasak, Reinhard"]
[Result "1-0"]
[WhiteElo "2255"]
[BlackElo "2210"]
[PlyCount "51"]
[EventDate "1998.11.27"]

1. e4 c5 2. Nf3 d6 3. d4 cxd4 4. Nxd4 Nf6 5. Nc3 a6 6. Bg5 e6 7. f4 Be7 8. Qf3
Qc7 9. O-O-O Nbd7 10. g4 b5 11. Bxf6 Nxf6 12. g5 Nd7 13. f5 Nc5 14. f6 gxf6 15.
gxf6 Bf8 16. Rg1 Bd7 17. Rg7 h5 18. Bh3 Rc8 19. Nd5 exd5 20. exd5 Bg4 21. Qe3+
Ne6 22. dxe6 Bxg7 23. fxg7 Rg8 24. exf7+ Kxf7 25. Rf1+ Kg6 26. Qe4+ 1-0

[Event "Staatsliga B/Mitte"]
[Site "Salzburg"]
[Date "1998.11.29"]
[Round "3.6"]
[White "Becker, Johann"]
[Black "Knechtel, Roland"]
[Result "0-1"]
[WhiteElo "1977"]
[BlackElo "2150"]
[PlyCount "64"]

1. d4 Nf6 2. c4 e6 3. g3 c5 4. Nf3 cxd4 5. Nxd4 a6 6. Bg2 Qc7 7. b3 d6 8. O-O
Bd7 9. Bb2 Be7 10. Nc3 Nc6 11. Re1 O-O 12. Qd2 Rab8 13. e4 Nxd4 14. Qxd4 b5 15.
cxb5 axb5 16. e5 dxe5 17. Rxe5 Rfd8 18. Re2 Be8 19. Qe3 b4 20. Ne4 Nd5 21. Qf3
Bb5 22. Rd2 f5 23. Rc1 fxe4 24. Qxe4 Qb6 25. Bh3 Nc3 26. Bxe6+ Kh8 27. Bxc3
bxc3 28. Rxd8+ Qxd8 29. a4 Qd2 30. Qe3 Bd3 31. Ra1 Qxe3 32. fxe3 Bc5 0-1

[Event "Staatsliga B/Mitte"]
[Site "Salzburg"]
[Date "1998.11.29"]
[Round "3.1"]
[White "Ankerst, Michael"]
[Black "Gruenberg, Hans-Ulrich"]
[Result "0-1"]
[WhiteElo "2330"]
[BlackElo "2455"]
[PlyCount "80"]
[EventDate "1998.11.27"]

1. e4 c5 2. Nf3 d6 3. d4 cxd4 4. Nxd4 Nf6 5. Nc3 a6 6. Bc4 e6 7. Bb3 b5 8. Bg5
Be7 9. Qf3 Qb6 10. O-O-O O-O 11. e5 dxe5 12. Bxf6 Bxf6 13. Nf5 Bb7 14. Qe3
Qxe3+ 15. Nxe3 Bg5 16. h4 Bxe3+ 17. fxe3 Bxg2 18. Rh2 Bc6 19. Rd6 Ra7 20. a4
Rd7 21. Rdd2 Rfd8 22. Rxd7 Nxd7 23. Rd2 Kf8 24. a5 Ke7 25. Na2 Nc5 26. Rxd8
Kxd8 27. Nb4 Kd7 28. Ba2 h5 29. Kd2 g5 30. hxg5 h4 31. Nxc6 Kxc6 32. Ke2 Ne4
33. g6 fxg6 34. Bxe6 b4 35. Bc4 h3 36. Bd3 Nc5 37. Kf2 Nxd3+ 38. cxd3 g5 39.
Kg3 g4 40. b3 Kb5 0-1

[Event "Staatsliga B/Mitte"]
[Site "Salzburg"]
[Date "1998.11.29"]
[Round "3.3"]
[White "Eichler, Christoph"]
[Black "Hager, Franz"]
[Result "0-1"]
[WhiteElo "2255"]
[BlackElo "2240"]
[PlyCount "84"]
[EventDate "1998.11.27"]

1. d4 e6 2. Nf3 Nf6 3. e3 b6 4. Bd3 Bb7 5. Nbd2 d5 6. Qe2 Ne4 7. Ne5 Bd6 8. Qf3
Bxe5 9. Nxe4 f5 10. Ng5 Qxg5 11. dxe5 Nd7 12. h4 Qg6 13. Qf4 Qxg2 14. Rf1 h6
15. h5 g5 16. hxg6 Qxg6 17. b3 O-O-O 18. Bb2 Qg4 19. Be2 Qxf4 20. exf4 h5 21.
Rh1 h4 22. f3 c5 23. Kf2 Rdg8 24. Rh3 Nf8 25. Rg1 Rxg1 26. Kxg1 Ng6 27. Bc1 d4
28. Kf2 Bd5 29. Bf1 Kc7 30. Rh1 Rh6 31. Rg1 Kc6 32. a4 Kb7 33. Bh3 a6 34. Bd2
b5 35. axb5 axb5 36. Ke2 c4 37. bxc4 bxc4 38. Rb1+ Kc6 39. Rb8 Rh8 40. Rb1 c3
41. Bc1 Bc4+ 42. Kf2 Ra8 0-1

[Event "Staatsliga B/Mitte"]
[Site "Salzburg"]
[Date "1998.11.29"]
[Round "3.4"]
[White "Hinteregger, Arthur"]
[Black "Peterwagner, Heinz"]
[Result "1/2-1/2"]
[WhiteElo "2160"]
[BlackElo "2215"]
[PlyCount "45"]
[EventDate "1998.11.27"]

1. d4 Nf6 2. c4 g6 3. Nc3 Bg7 4. e4 d6 5. Nf3 O-O 6. Be2 c6 7. O-O Nbd7 8. Re1
e5 9. Bf1 exd4 10. Nxd4 Nc5 11. Nb3 Nxb3 12. axb3 Be6 13. Bf4 d5 14. exd5 cxd5
15. Nb5 Ne8 16. Rxa7 Rxa7 17. Nxa7 Bxb2 18. Nb5 Bg7 19. Qc1 Nf6 20. Bg3 Re8 21.
Nd6 Re7 22. cxd5 Nxd5 23. Nc4 1/2-1/2

[Event "Staatsliga B/Mitte"]
[Site "Salzburg"]
[Date "1998.11.29"]
[Round "3.5"]
[White "Hamberger, Hermann"]
[Black "Gottsmann, Herbert"]
[Result "1/2-1/2"]
[WhiteElo "2170"]
[BlackElo "2145"]
[PlyCount "23"]
[EventDate "1998.11.27"]

1. e4 e6 2. d4 d5 3. Nc3 Bb4 4. e5 Qd7 5. a3 Bxc3+ 6. bxc3 b6 7. Nf3 Ne7 8. Bd3
Ba6 9. O-O Qa4 10. Qe2 c5 11. Bxa6 Nxa6 12. Bg5 1/2-1/2

[Event "Staatsliga B/Mitte"]
[Site "Salzburg"]
[Date "1998.11.29"]
[Round "3.6"]
[White "Doelzlmueller, Christoph"]
[Black "Enigl, Karl"]
[Result "0-1"]
[WhiteElo "2165"]
[BlackElo "2205"]
[PlyCount "76"]
[EventDate "1998.11.27"]

1. e4 Nf6 2. e5 Nd5 3. Nc3 Nxc3 4. bxc3 d5 5. d4 c5 6. Ne2 Nc6 7. Qd3 e6 8. f4
Bd7 9. Be3 Qa5 10. dxc5 Bxc5 11. Bxc5 Qxc5 12. Rb1 b6 13. Nd4 Nxd4 14. Qxd4 Rc8
15. Kd2 O-O 16. Bd3 Rc7 17. Qxc5 Rxc5 18. Rb3 Ba4 19. Ra3 b5 20. Ke3 a6 21. Kd4
Rc7 22. Re1 Ra8 23. g3 h6 24. Rb1 Kf8 25. g4 Ke7 26. Re1 Rf8 27. h3 Rfc8 28.
Re2 Rf8 29. Re1 Rcc8 30. Re2 Rc6 31. Re1 Rfc8 32. Re2 Kd7 33. Re1 Rc4+ 34. Bxc4
Rxc4+ 35. Kd3 Rxf4 36. Re2 Rf1 37. Kd2 Rh1 38. Re3 Rh2+ {
Rest unleserlich 0-1nach 60 Zuegen} 0-1

[Event "Staatsliga B/Mitte"]
[Site "Traun"]
[Date "1998.11.29"]
[Round "3.1"]
[White "Weiss, Christian"]
[Black "Orsag, Milan"]
[Result "1/2-1/2"]
[WhiteElo "2370"]
[BlackElo "2405"]
[PlyCount "24"]
[EventDate "1998.11.27"]

1. d4 d6 2. Nf3 Bg4 3. e4 Nf6 4. Nc3 c6 5. h3 Bh5 6. Qe2 e6 7. g4 Bg6 8. Bg5
Be7 9. h4 h5 10. gxh5 Bxh5 11. e5 dxe5 12. dxe5 Nfd7 1/2-1/2